000 00327nam a2200133Ia 4500
008 220216s9999 xx 000 0 und d
100 _aJacob J
245 0 _aRubbermarangalil kanduvarunna puthiya rogam
260 _bRubber
_c2021
300 _a17-19
650 _aLeaf spot disease
650 _aRubber disease
942 _cBS
999 _c50247
_d50247